000 00690nam a2200289Ia 4500
005 20260324121813.0
008 008 260324s9999 xx 000 0 eng d
020 _a9781315096155
037 _aEBOOK
040 _aCRL
040 _beng
040 _cCRL
041 _2eng
041 _aeng
084 _qCRL
100 _aRobert Pascall
_91163942
245 0 _aBrahms Beyond Mastery
245 0 _bHis Sarabande and Gavotte, and its Recompositions
260 _bTaylor and Francis
260 _c2013
365 _a
365 _b230
856 _uhttp://www.taylorfrancis.com/books/9781315096155
942 _cEBOOK
999 _c1756259
_d1756259